| 000 | 00511nam a2200181Ia 4500 | ||
|---|---|---|---|
| 003 | IN-BaIIA | ||
| 008 | 211028s9999 xx 000 0 eng d | ||
| 040 | _cIIA Library | ||
| 080 |
_a52(091) _bGRA |
||
| 100 |
_aGrant, Robert _91307 |
||
| 245 | 0 |
_aHistory of physical astronomy _cRobert Grant |
|
| 260 |
_aPaternoster Row _bRobert Baldwin _c1852 |
||
| 300 | _axiv, 637p. | ||
| 650 | _aAstronomy and Astrophysics Thesaurus | ||
| 650 |
_aAstronomy-History _9900 |
||
| 650 |
_aHistory-Astronomy _91125 |
||
| 942 | _cBK | ||
| 999 |
_c591 _d591 |
||